Statistiques concernant La vie de Jacques Chirac

Cliquez ici pour prendre le quiz!

Statistiques générales

  • Ce quiz a été pris 26 fois
  • Le résultat moyen est 10 sur 14

Statistiques - réponses

HintRéponse% Correct
Année de Décès2019
100%
Sous quel président a-t-il été 1er ministre le plus longtemps ?François Mitterrand
95%
Année de Naissance1932
91%
Prénom de sa femme ?Bernadette
91%
A quel département est t-il souvent associé ?La Corrèze
91%
De quel ville a-t-il été maire ?Paris
91%
Quel est son partie politique de 1976 à 2002 ?RPR
86%
Sous quel président a-t-il été 1er ministre pour la 1ère fois ?Valérie Giscard d'Estaing
86%
Que devient son partie politique à partir de 2002 ?UMP
77%
Dates de ses mandats de Président1995-2007
64%
Dates de son 1er mandat de 1er Ministre1974-1976
45%
Dates de son 2nd mandat de 1er Ministre1986-1988
41%
Lieu de SépultureCimetière de Montparnasse
14%
Son surnom à Sciences Po ?L'Hélicoptère
5%

Distribution des résultats

Percentile par nombre de réponses

% des personnes avec chaque résultat

Votre développement - résultats

Vous n’avez pas pris ce quiz